00318 a2200133 450000100060000002000180000604000220002410000210004624000390006724500340010630000090014036200090014965000260015864104 a9788508162017 cAnchieta - Pituba aAzevedo, Ricardo10aFragosas brenhas do mataréulpor10aFragosas brenhas do mataréu a255p0 a2013 4aFicção brasileira